00369nam a2200121Ia 4500082002200000245006700022260002900089300001000118650002000128650002000148650005300168650002600221 a305.80095493 SRI; 0aSri Lanka the ethnic conflict: myths, realities & perspectives aNew DelhibNavrangc1984 a277p. aSocial problems aEthnic conflict aSri Lanka - Ethnic relations - Political aspects aEthnology - Sri Lanka